[Event "Florianopolis op 9th"]
[Site "Florianopolis"]
[Date "2023.01.25"]
[Round "4"]
[White "Cominato Neto, Jose Luis"]
[Black "Moritz, Diego Homrich"]
[Result "1/2-1/2"]
[WhiteElo "2260"]
[BlackElo "1854"]
[PlyCount "84"]
[EventDate "2023.01.23"]
[EventType "swiss"]
[EventRounds "10"]
[EventCountry "BRA"]
[SourceTitle "CBM 212 Extra"]
[Source "ChessBase"]
[SourceDate "2023.03.31"]
[SourceVersion "1"]
[SourceVersionDate "2023.03.31"]
[SourceQuality "1"]

1. e4 e6 2. d4 d5 3. Nc3 Nf6 4. exd5 exd5 5. Bg5 Be7 6. Bd3 Bg4 7. Nge2 Nbd7 8. f3 Bh5 9. Nf4 Bg6 10. Nxg6 hxg6 11. Qe2 0-0 12. 0-0-0 c6 13. f4 b5 14. f5 b4 15. Na4 gxf5 16. Bxf5 Ne4 17. Bxe7 Qxe7 18. Bxe4 Qxe4 19. Qd2 a5 20. Rde1 Qh4 21. g3 Qd8 22. h4 Re8 23. Ref1 Re4 24. h5 Qe7 25. h6 g6 26. h7+ Kh8 27. Nc5 Nxc5 28. dxc5 Re8 29. a3 bxa3 30. Qc3+ Qe5 31. Qxa3 a4 32. g4 Rb8 33. Qc3 Qxc3 34. bxc3 Re7 35. Kd2 Rb5 36. c4 Rxc5 37. Rb1 Re8 38. cxd5 Rxd5+ 39. Kc3 f5 40. Rh6 Re3+ 41. Kc4 Re4+ 42. Kc3 Re3+ 1/2-1/2

[Event "Florianopolis op 9th"]
[Site "Florianopolis"]
[Date "2023.01.24"]
[Round "3"]
[White "Goncalves, Nata"]
[Black "Cominato Neto, Jose Luis"]
[Result "1-0"]
[WhiteElo "2013"]
[BlackElo "2260"]
[PlyCount "95"]
[EventDate "2023.01.23"]
[EventType "swiss"]
[EventRounds "10"]
[EventCountry "BRA"]
[SourceTitle "CBM 212 Extra"]
[Source "ChessBase"]
[SourceDate "2023.03.31"]
[SourceVersion "1"]
[SourceVersionDate "2023.03.31"]
[SourceQuality "1"]

1. d4 Nf6 2. c4 e6 3. Nf3 Bb4+ 4. Bd2 a5 5. e3 d6 6. Nc3 Nc6 7. a3 Bxc3 8. Bxc3 Ne4 9. Qc2 Nxc3 10. Qxc3 0-0 11. Bd3 a4 12. Rd1 Qf6 13. 0-0 b6 14. c5 bxc5 15. Qc2 h6 16. dxc5 Bb7 17. Bb5 Ne7 18. cxd6 cxd6 19. Qe2 Ra5 20. Bd3 Bxf3 21. Qxf3 Qxb2 22. Qe4 g6 23. Qh4 Re8 24. Qxh6 Qxa3 25. Qf4 Qc5 26. Rc1 Qe5 27. Qxe5 dxe5 28. Ra1 a3 29. Rfc1 Rd8 30. Rc3 Rda8 31. Be4 R8a7 32. Kf1 f5 33. Bf3 e4 34. Bd1 Nd5 35. Rc8+ Kf7 36. Bb3 Rb7 37. Bxd5 exd5 38. Rc2 Rb2 39. Re2 Ke6 40. Ke1 Rc5 41. Rd2 Ra5 42. Kd1 Rb4 43. Rda2 Rba4 44. Kc2 Rc4+ 45. Kd2 Rca4 46. Kc2 Rc4+ 47. Kd2 Rb5 48. Rc1 1-0

[Event "Caxambu Casa do Xadrez op"]
[Site "Caxambu"]
[Date "2022.07.23"]
[Round "4"]
[White "Mekhitarian, Krikor Sevag"]
[Black "Cominato Neto, Jose Luis"]
[Result "1-0"]
[WhiteElo "2542"]
[BlackElo "2275"]
[PlyCount "63"]
[EventDate "2022.07.22"]
[EventType "swiss"]
[EventRounds "6"]
[EventCountry "BRA"]
[SourceTitle "CBM 209 Extra"]
[Source "ChessBase"]
[SourceDate "2022.09.30"]
[SourceVersion "1"]
[SourceVersionDate "2022.09.30"]
[SourceQuality "1"]

1. d4 Nf6 2. c4 e6 3. Nf3 Bb4+ 4. Nbd2 d6 5. a3 Bxd2+ 6. Qxd2 a5 7. b3 Qe7 8. Bb2 Nbd7 9. e3 e5 10. Qc2 0-0 11. Be2 Re8 12. d5 Nf8 13. h3 Ng6 14. 0-0 e4 15. Nd4 Nh4 16. Rfc1 Qe5 17. Ne6 Qf5 18. Nf4 Qg5 19. Kh2 Qh6 20. Qd1 Ng6 21. Nxg6 fxg6 22. c5 Qg5 23. cxd6 cxd6 24. Rc7 Nd7 25. Bb5 Rf8 26. Bxd7 Bxd7 27. Rxd7 Rxf2 28. Rxg7+ Kf8 29. Qf1 Qf5 30. Qg1 Rxb2 31. Rf1 Kxg7 32. Rxf5 1-0

[Event "Florianopolis op 8th"]
[Site "Florianopolis"]
[Date "2022.01.24"]
[Round "1"]
[White "Juliano, Luiz Augusto Porto"]
[Black "Cominato Neto, Jose Luis"]
[Result "0-1"]
[WhiteElo "1690"]
[BlackElo "2272"]
[PlyCount "77"]
[EventDate "2022.01.24"]
[EventType "swiss"]
[EventRounds "10"]
[EventCountry "BRA"]
[SourceTitle "CBM 206 Extra"]
[Source "ChessBase"]
[SourceDate "2022.03.31"]
[SourceVersion "1"]
[SourceVersionDate "2022.03.31"]
[SourceQuality "1"]

1. c4 e5 2. g3 Nf6 3. Bg2 d5 4. cxd5 Nxd5 5. Nc3 Nb6 6. Nf3 Nc6 7. d3 Be7 8. Bd2 0-0 9. 0-0 Be6 10. Na4 f5 11. Bc3 e4 12. Ne5 Nxe5 13. Bxe5 exd3 14. exd3 c6 15. Re1 Qd7 16. Nxb6 axb6 17. Qe2 Bf6 18. d4 Bd5 19. a3 Rfe8 20. Rad1 Bxg2 21. Kxg2 Qd5+ 22. Qf3 Qxf3+ 23. Kxf3 Kf7 24. Kf4 g6 25. g4 fxg4 26. Kxg4 Rad8 27. f4 Rd5 28. Re4 Red8 29. b4 Ra8 30. Rd3 Ra7 31. Rde3 Rd7 32. Bxf6 Kxf6 33. Re6+ Kf7 34. R6e4 Ra8 35. Rh3 Kf6 36. Rhe3 Rad8 37. Re6+ Kf7 38. Kg5 Rd5+ 39. R6e5 0-1

[Event "Botucatu da Rosa Junior"]
[Site "Botucatu"]
[Date "2010.05.01"]
[Round "3"]
[White "Cominato Neto, Jose Luis"]
[Black "Rodrigues, Bruno Morado"]
[Result "1-0"]
[WhiteElo "2262"]
[BlackElo "2055"]
[PlyCount "31"]
[EventDate "2010.04.30"]
[EventType "swiss"]
[EventRounds "6"]
[EventCountry "BRA"]
[SourceTitle "EXT 2022"]
[Source "ChessBase"]
[SourceDate "2021.10.06"]
[SourceVersion "1"]
[SourceVersionDate "2021.10.06"]
[SourceQuality "1"]

1. e4 c5 2. Nf3 Nc6 3. d4 cxd4 4. Nxd4 Nf6 5. Nc3 e5 6. Ndb5 h6 7. Nd6+ Bxd6 8. Qxd6 Qe7 9. Nb5 Rb8 10. Be3 a6 11. Qxe7+ Nxe7 12. Ba7 axb5 13. Bxb8 Nc6 14. Bc7 Nxe4 15. Bxb5 0-0 16. 0-0 1-0

[Event "Sao Paulo Hebraica 6th"]
[Site "Sao Paulo"]
[Date "2010.01.16"]
[Round "4"]
[White "Cominato Neto, Jose Luis"]
[Black "Van Riemsdijk, Dirk Dagobert"]
[Result "1-0"]
[WhiteElo "2231"]
[BlackElo "2190"]
[PlyCount "55"]
[EventDate "2010.01.16"]
[EventType "tourn"]
[EventRounds "10"]
[EventCountry "BRA"]
[SourceTitle "EXT 2022"]
[Source "ChessBase"]
[SourceDate "2021.10.06"]
[SourceVersion "1"]
[SourceVersionDate "2021.10.06"]
[SourceQuality "1"]

1. e4 e5 2. Nf3 Nc6 3. Bb5 a6 4. Ba4 Bc5 5. c3 b5 6. Bb3 Qe7 7. 0-0 d6 8. d4 Bb6 9. a4 Bb7 10. axb5 axb5 11. Rxa8+ Bxa8 12. Qd3 Nf6 13. Qxb5 0-0 14. d5 Nb8 15. Bg5 h6 16. Bxf6 Qxf6 17. Nbd2 Bb7 18. Ra1 g5 19. Qe2 g4 20. Ne1 Qg5 21. Nc2 f5 22. exf5 Rxf5 23. Ne3 Rxf2 24. Kxf2 Qf4+ 25. Ke1 Bxe3 26. Ra4 Ba6 27. Rxf4 Bxe2 28. Rb4 1-0

[Event "Sao Paulo Hebraica 6th"]
[Site "Sao Paulo"]
[Date "2010.01.16"]
[Round "9"]
[White "D'Israel, Davy Maurice"]
[Black "Cominato Neto, Jose Luis"]
[Result "0-1"]
[WhiteElo "2195"]
[BlackElo "2231"]
[PlyCount "82"]
[EventDate "2010.01.16"]
[EventType "tourn"]
[EventRounds "10"]
[EventCountry "BRA"]
[SourceTitle "EXT 2022"]
[Source "ChessBase"]
[SourceDate "2021.10.06"]
[SourceVersion "1"]
[SourceVersionDate "2021.10.06"]
[SourceQuality "1"]

1. d4 Nf6 2. Nf3 g6 3. c4 Bg7 4. Nc3 d5 5. Bg5 Ne4 6. Bh4 Nxc3 7. bxc3 c5 8. e3 Nc6 9. Qa4 Bd7 10. Qa3 dxc4 11. Bxc4 cxd4 12. cxd4 Qa5+ 13. Qxa5 Nxa5 14. Bd3 Rc8 15. Ke2 e6 16. Rac1 0-0 17. Bg3 f6 18. Nd2 e5 19. dxe5 fxe5 20. Nc4 e4 21. Nxa5 exd3+ 22. Kd2 Bb2 23. Rxc8 Rxc8 24. Kxd3 Bb5+ 25. Ke4 b6 26. Rb1 Rc2 27. Nb3 Bc4 28. Rd1 Bf6 29. Rd7 Rxa2 30. Nd4 b5 31. Rb7 Bxd4 32. Kxd4 Rd2+ 33. Ke5 Rd5+ 34. Ke4 a5 35. Be5 Rd2 36. Rg7+ Kf8 37. Kf3 b4 38. Ra7 Ra2 39. Ke4 b3 40. Rxh7 Bf7 41. Bg7+ Kg8 0-1

[Event "Sao Paulo Tabuleiro Cultural 2nd"]
[Site "Sao Paulo"]
[Date "2009.12.14"]
[Round "6"]
[White "Cominato Neto, Jose Luis"]
[Black "Viana da Costa, Fernando"]
[Result "1-0"]
[WhiteElo "2216"]
[BlackElo "2284"]
[PlyCount "111"]
[EventDate "2009.12.07"]
[EventType "tourn"]
[EventRounds "8"]
[EventCountry "BRA"]
[SourceTitle "EXT 2022"]
[Source "ChessBase"]
[SourceDate "2021.10.06"]
[SourceVersion "1"]
[SourceVersionDate "2021.10.06"]
[SourceQuality "1"]

1. e4 c5 2. Nf3 d6 3. d4 cxd4 4. Nxd4 Nf6 5. Nc3 a6 6. Be2 e6 7. 0-0 Be7 8. f4 0-0 9. a4 Nc6 10. Nb3 Na5 11. Nxa5 Qxa5 12. Be3 Bd7 13. Bf3 Bc6 14. Qd2 Qc7 15. a5 Nd7 16. Na4 Rac8 17. Nb6 Nxb6 18. Bxb6 Qd7 19. Rad1 f5 20. exf5 Bxf3 21. fxe6 Qa4 22. Rxf3 Rxc2 23. Qd4 Rc4 24. Qd5 Rcxf4 25. b3 Qe4 26. Rxf4 Rxf4 27. Qxe4 Rxe4 28. Rc1 Rxe6 29. Rc7 Kf8 30. Rxb7 Re1+ 31. Kf2 Rb1 32. Bd4 d5 33. Bxg7+ Kxg7 34. Rxe7+ Kg6 35. Rb7 h5 36. Rb6+ Kf5 37. Rxa6 Rxb3 38. Rh6 Rb2+ 39. Ke3 Rxg2 40. Rxh5+ Ke6 41. Kd4 Rd2+ 42. Kc3 Ra2 43. Kb4 Kd6 44. a6 Ra1 45. Rh3 Kc7 46. Ra3 Rb1+ 47. Kc5 Kb8 48. a7+ Ka8 49. Kxd5 Re1 50. h4 Rd1+ 51. Ke5 Re1+ 52. Kf5 Rf1+ 53. Kg5 Rg1+ 54. Kh6 Rg2 55. h5 Rg1 56. Ra6 1-0

[Event "Sindilegis op-B"]
[Site "Sindilegis"]
[Date "2009.10.25"]
[Round "?"]
[White "Cominato Neto, Jose Luis"]
[Black "Oliveira, Silvio Eduardo"]
[Result "1-0"]
[WhiteElo "2209"]
[BlackElo "2371"]
[PlyCount "84"]
[EventDate "2009.10.23"]
[EventType "swiss"]
[EventRounds "6"]
[EventCountry "BRA"]
[SourceTitle "EXT 2012"]
[Source "ChessBase"]
[SourceDate "2011.11.24"]
[SourceVersion "1"]
[SourceVersionDate "2011.11.24"]
[SourceQuality "1"]

1. e4 c5 2. Nf3 Nc6 3. d4 cxd4 4. Nxd4 Nf6 5. Nc3 e5 6. Ndb5 d6 7. a4 a6 8. Na3 Be6 9. Bg5 Be7 10. Bxf6 Bxf6 11. Bc4 Rc8 12. 0-0 0-0 13. Nd5 Bg5 14. c3 Kh8 15. Ba2 Ne7 16. Nc2 Ng6 17. Ndb4 Qe7 18. Nd5 Qd8 19. Ndb4 a5 20. Nd5 Rb8 21. Qe2 f5 22. exf5 Bxf5 23. Nce3 Bd7 24. Bb1 Nf4 25. Nxf4 exf4 26. Qh5 Bh6 27. Ng4 Qg5 28. Qxg5 Bxg5 29. f3 b5 30. axb5 Rxb5 31. Bd3 Rxb2 32. Rxa5 Bd8 33. Rd5 Bb6+ 34. Kh1 Bc5 35. h4 g6 36. h5 Rd2 37. Be4 Rxd5 38. Bxd5 Rf5 39. c4 Rxh5+ 40. Nh2 Bf5 41. Bf7 Kg7 42. Bd5 Kf6 1-0

[Event "Sindilegis op-B"]
[Site "Sindilegis"]
[Date "2009.10.24"]
[Round "?"]
[White "Bispo, Leonardo"]
[Black "Cominato Neto, Jose Luis"]
[Result "0-1"]
[WhiteElo "2142"]
[BlackElo "2209"]
[PlyCount "128"]
[EventDate "2009.10.23"]
[EventType "swiss"]
[EventRounds "6"]
[EventCountry "BRA"]
[SourceTitle "EXT 2012"]
[Source "ChessBase"]
[SourceDate "2011.11.24"]
[SourceVersion "1"]
[SourceVersionDate "2011.11.24"]
[SourceQuality "1"]

1. d4 Nf6 2. Nf3 g6 3. g3 Bg7 4. Bg2 d5 5. 0-0 0-0 6. c4 c6 7. cxd5 cxd5 8. Qb3 Ne4 9. Nc3 Nc6 10. Bf4 Nxc3 11. bxc3 Na5 12. Qb4 Bg4 13. Rfe1 Rc8 14. e4 dxe4 15. Rxe4 Bf6 16. Ne5 Be6 17. Ree1 Bd5 18. Ng4 Bxg2 19. Nxf6+ exf6 20. Kxg2 Qd5+ 21. Kg1 Kg7 22. Rac1 Rfd8 23. Qe7 Rd7 24. Qe2 Nc4 25. h4 b5 26. Rb1 h6 27. Qe4 g5 28. hxg5 hxg5 29. Qxd5 Rxd5 30. Bc1 Nb6 31. Bd2 Nc4 32. Bc1 Nb6 33. Re3 a6 34. Rd3 Kg6 35. Bd2 Nc4 36. Be1 f5 37. Rdd1 Nb6 38. Kf1 Re8 39. Rb2 Re6 40. Re2 Kf6 41. Bd2 Rd8 42. Bc1 Rh8 43. Rxe6+ fxe6 44. Ke2 Nd5 45. Kd3 Rh2 46. Rd2 Nb6 47. Re2 Rh1 48. Kc2 Nc4 49. Bb2 Rf1 50. Bc1 Nd6 51. Be3 Ne4 52. Kb2 Kg6 53. Rc2 Nd6 54. Kb3 Rb1+ 55. Rb2 Rxb2+ 56. Kxb2 Kh5 57. Kb3 Kg4 58. a4 f4 59. Bc1 Ne4 60. gxf4 gxf4 61. axb5 axb5 62. Kb4 Nxf2 63. Kxb5 Nd1 64. Bd2 f3 0-1

[Event "Sindilegis op-B"]
[Site "Sindilegis"]
[Date "2009.10.23"]
[Round "?"]
[White "Cominato Neto, Jose Luis"]
[Black "Serafim, Arnor Jr"]
[Result "1-0"]
[WhiteElo "2209"]
[BlackElo "1764"]
[PlyCount "63"]
[EventDate "2009.10.23"]
[EventType "swiss"]
[EventRounds "6"]
[EventCountry "BRA"]
[SourceTitle "EXT 2012"]
[Source "ChessBase"]
[SourceDate "2011.11.24"]
[SourceVersion "1"]
[SourceVersionDate "2011.11.24"]
[SourceQuality "1"]

1. e4 c5 2. c3 d5 3. exd5 Qxd5 4. d4 Nc6 5. Nf3 Bg4 6. Be2 Nf6 7. 0-0 e6 8. Be3 cxd4 9. cxd4 Be7 10. Nc3 Qa5 11. a3 0-0 12. Qb3 b6 13. h3 Bh5 14. Rac1 Rac8 15. Rfd1 Rfd8 16. Qa2 Nd5 17. Nxd5 Qxd5 18. Qxd5 exd5 19. g4 Bg6 20. Ba6 Be4 21. Nd2 Nb4 22. Bxc8 Nd3 23. Nxe4 Nxc1 24. Rxc1 dxe4 25. Bf5 g6 26. Bxe4 Bf6 27. Rd1 Rc8 28. d5 Bxb2 29. d6 Rd8 30. d7 Kf8 31. Bf4 Ke7 32. Bc6 1-0

[Event "Nova Resende"]
[Site "Nova Resende"]
[Date "2009.10.??"]
[Round "2"]
[White "Cominato Neto, Jose Luis"]
[Black "Molina, Roberto Junio Brito"]
[Result "0-1"]
[WhiteElo "2168"]
[BlackElo "2363"]
[PlyCount "112"]
[EventDate "2009.10.??"]
[EventType "tourn"]
[EventRounds "11"]
[EventCountry "BRA"]
[EventCategory "2"]
[SourceTitle "EXT 2011"]
[Source "ChessBase"]
[SourceDate "2010.11.26"]
[SourceVersion "1"]
[SourceVersionDate "2010.11.26"]
[SourceQuality "1"]

1. e4 c6 2. d4 d5 3. exd5 cxd5 4. c4 Nf6 5. Nc3 e6 6. Nf3 Be7 7. cxd5 Nxd5 8. Bd3 0-0 9. 0-0 Nc6 10. Re1 Nf6 11. a3 b6 12. Bg5 Bb7 13. Bc2 Rc8 14. Qd3 g6 15. Rad1 Nd5 16. Bh6 Re8 17. Nxd5 Qxd5 18. Ba4 a6 19. Qe3 Qh5 20. Bxc6 Bxc6 21. Ne5 g5 22. Qh3 Qxh3 23. gxh3 Bd5 24. h4 gxh4 25. Nd7 Rc6 26. Rc1 f6 27. f3 Kf7 28. Kf2 Rd8 29. Rxc6 Bxc6 30. Rg1 e5 31. Nxb6 Rxd4 32. Rc1 Be8 33. Be3 Rd3 34. Rc7 Ke6 35. Nc8 Bd8 36. Ra7 Bb5 37. a4 Bc4 38. Rxh7 Rb3 39. Rxh4 Rxb2+ 40. Kg3 Bd5 41. Rh6 Rb3 42. Kf2 Bb7 43. Rh8 Ba5 44. h4 Rb2+ 45. Kg3 Be1+ 46. Kg4 Rg2+ 47. Kh3 Bxf3 48. Rh6 Bd2 49. Bxd2 Rxd2 50. Kg3 Bb7 51. Nb6 Rb2 52. a5 Rg2+ 53. Kh3 Ra2 54. Rh7 Be4 55. Ra7 Kf5 56. Nc4 Kf4 0-1

[Event "Nova Resende"]
[Site "Nova Resende"]
[Date "2009.10.??"]
[Round "3"]
[White "Nery Junior, Jose Antonio"]
[Black "Cominato Neto, Jose Luis"]
[Result "0-1"]
[WhiteElo "1913"]
[BlackElo "2168"]
[PlyCount "94"]
[EventDate "2009.10.??"]
[EventType "tourn"]
[EventRounds "11"]
[EventCountry "BRA"]
[EventCategory "2"]
[SourceTitle "EXT 2011"]
[Source "ChessBase"]
[SourceDate "2010.11.26"]
[SourceVersion "1"]
[SourceVersionDate "2010.11.26"]
[SourceQuality "1"]

1. e4 c5 2. Nf3 e6 3. Nc3 a6 4. g3 b5 5. Bg2 Bb7 6. d4 cxd4 7. Nxd4 b4 8. Nce2 Nf6 9. Bg5 Be7 10. Bxf6 Bxf6 11. 0-0 Qb6 12. Kh1 Nc6 13. Nxc6 Bxc6 14. Qd2 Qb7 15. f3 h5 16. Nd4 h4 17. Nxc6 hxg3 18. h3 Qxc6 19. Rab1 Rc8 20. Rfc1 Qc5 21. f4 g5 22. e5 gxf4 23. exf6 f3 24. Rf1 fxg2+ 25. Qxg2 Qc6 26. Qxc6 Rxc6 27. Rf3 Rxc2 28. Rxg3 d5 29. Rbg1 Rf2 30. Rg8+ Rxg8 31. Rxg8+ Kd7 32. Rb8 Rxf6 33. Rxb4 Rf2 34. Kg1 Rd2 35. h4 Ke7 36. h5 d4 37. Rb8 d3 38. h6 Rc2 39. h7 d2 40. Re8+ Kd7 41. Rd8+ Kxd8 42. h8Q+ Kc7 43. Qe5+ Kc8 44. Qh8+ Kb7 45. Qh1+ Kb6 46. Qf3 Rc1+ 47. Kh2 d1Q 0-1

[Event "Americana op"]
[Site "Americana"]
[Date "2009.09.07"]
[Round "5"]
[White "Chang, Suzana"]
[Black "Cominato Neto, Jose Luis"]
[Result "0-1"]
[WhiteElo "2048"]
[BlackElo "2209"]
[PlyCount "86"]
[EventDate "2009.09.05"]
[EventType "swiss"]
[EventRounds "6"]
[EventCountry "BRA"]
[SourceTitle "CBM 132 Extra"]
[Source "ChessBase"]
[SourceDate "2009.11.03"]
[SourceVersion "1"]
[SourceVersionDate "2009.11.03"]
[SourceQuality "1"]

1. d4 Nf6 2. Nf3 g6 3. c4 Bg7 4. Nc3 d5 5. e3 0-0 6. b4 c6 7. Qb3 Ne4 8. Bb2 Bf5 9. cxd5 Nxc3 10. Bxc3 cxd5 11. Be2 Nc6 12. a4 Re8 13. 0-0 Be4 14. b5 Na5 15. Bxa5 Qxa5 16. Ng5 Rad8 17. Nxe4 dxe4 18. Bc4 e6 19. Rac1 Rd6 20. Rc2 f5 21. Qa3 Qd8 22. Qc5 b6 23. Qb4 f4 24. Rfc1 Bf8 25. Qb3 Qg5 26. Bf1 Bh6 27. Re1 Qf5 28. exf4 Bxf4 29. g3 Bh6 30. Bg2 Rxd4 31. Rce2 Rd3 32. Qc4 Qd5 33. Qxe4 Qxe4 34. Rxe4 Kf7 35. Bh3 Rd6 36. Bg4 Bg7 37. Rf4+ Bf6 38. h4 Rd4 39. Ree4 e5 40. Rxd4 exd4 41. Kf1 d3 42. Rf3 Re4 43. Bh3 d2 0-1

[Event "Americana op"]
[Site "Americana"]
[Date "2009.09.06"]
[Round "3"]
[White "Vescovi, Giovanni P"]
[Black "Cominato Neto, Jose Luis"]
[Result "1-0"]
[WhiteElo "2636"]
[BlackElo "2209"]
[PlyCount "135"]
[EventDate "2009.09.05"]
[EventType "swiss"]
[EventRounds "6"]
[EventCountry "BRA"]
[SourceTitle "CBM 132 Extra"]
[Source "ChessBase"]
[SourceDate "2009.11.03"]
[SourceVersion "1"]
[SourceVersionDate "2009.11.03"]
[SourceQuality "1"]

1. d4 Nf6 2. c4 g6 3. Nc3 d5 4. cxd5 Nxd5 5. e4 Nxc3 6. bxc3 Bg7 7. Bc4 0-0 8. Ne2 c5 9. 0-0 Nc6 10. Be3 e6 11. Qd2 Na5 12. Bd3 Bd7 13. Bg5 f6 14. Be3 Rc8 15. Rac1 f5 16. exf5 exf5 17. dxc5 Be6 18. Bd4 Nc6 19. Bb5 Rc7 20. Rfe1 Bf7 21. Bxc6 Rxc6 22. Qb2 Rc7 23. Nf4 Bh6 24. Be3 g5 25. Rcd1 Rd7 26. Rxd7 Qxd7 27. Ne2 f4 28. Bd2 f3 29. Nd4 Bd5 30. Qb5 Qg4 31. g3 Bg7 32. Kh1 Bxd4 33. cxd4 Qxd4 34. Be3 Qe5 35. c6 bxc6 36. Qc5 Re8 37. h3 Qe7 38. Qa5 Qf7 39. Kh2 h6 40. a3 Re7 41. Qc5 Be6 42. g4 Bd5 43. Rb1 Rb7 44. Rxb7 Qxb7 45. Qd6 Qb2 46. h4 gxh4 47. Qxh6 Qg7 48. Qxg7+ Kxg7 49. Bxa7 Kf6 50. Kh3 Bb3 51. Kxh4 Bc2 52. Kg3 Bd1 53. Kf4 Ke6 54. g5 Kf7 55. Ke5 Kg6 56. Be3 Ba4 57. Ke6 Kg7 58. Kd6 Kf7 59. Kc5 Ke6 60. Kb4 Bc2 61. a4 Kd5 62. a5 Bd3 63. Bc5 Ke5 64. Be3 Kd5 65. Kc3 Be4 66. a6 Kd6 67. Kd4 Bd5 68. Bf4+ 1-0

[Event "Paulista-ch Interior"]
[Site "Santos"]
[Date "2008.12.21"]
[Round "6"]
[White "Matsuura, Everaldo"]
[Black "Cominato Neto, Jose Luis"]
[Result "1/2-1/2"]
[WhiteElo "2469"]
[BlackElo "2150"]
[PlyCount "25"]
[EventDate "2008.12.19"]
[EventType "swiss"]
[EventRounds "6"]
[EventCountry "BRA"]
[SourceTitle "CBM 127 Extra"]
[Source "ChessBase"]
[SourceDate "2009.01.08"]
[SourceVersion "2"]
[SourceVersionDate "2009.01.28"]
[SourceQuality "1"]

1. e4 c5 2. Nf3 e6 3. d4 cxd4 4. Nxd4 a6 5. Bd3 g6 6. c4 Bg7 7. Be3 Ne7 8. Nc3 0-0 9. 0-0 d5 10. exd5 exd5 11. c5 Nbc6 12. Nde2 Ne5 13. Rc1 1/2-1/2

[Event "Sao Bernardo LXSBC 3rd"]
[Site "Sao Bernardo do Campo"]
[Date "2008.09.27"]
[Round "6"]
[White "Cominato Neto, Jose Luis"]
[Black "Chang, Suzana"]
[Result "1-0"]
[WhiteElo "2168"]
[BlackElo "2080"]
[PlyCount "53"]
[EventDate "2008.09.27"]
[EventType "swiss"]
[EventRounds "6"]
[EventCountry "BRA"]
[SourceTitle "EXT 2022"]
[Source "ChessBase"]
[SourceDate "2021.10.06"]
[SourceVersion "1"]
[SourceVersionDate "2021.10.06"]
[SourceQuality "1"]

1. e4 e6 2. d4 d5 3. Nd2 c5 4. exd5 exd5 5. Ngf3 a6 6. Be2 Nc6 7. 0-0 c4 8. a4 Bd6 9. b3 cxb3 10. c4 Nge7 11. cxd5 Nxd5 12. Ne4 0-0 13. Qxb3 Nf4 14. Bxf4 Bxf4 15. d5 Na5 16. Qb4 Re8 17. Bd3 Nc6 18. dxc6 Qxd3 19. Rfe1 Be6 20. cxb7 Rab8 21. Nc5 Qd6 22. Rad1 Qe7 23. Nd4 Bd6 24. Nc6 Qc7 25. Nxb8 Bxc5 26. Nxa6 Bxb4 27. Nxc7 1-0